Antecedentes y textos constitucionales de la Provincia de Buenos Aires 1820 - 1994 /

Guardado en:
Formato: Libro
Idioma:Undetermined
Publicado: La Plata : Ediciones Bonaerenses, 2021.
Edición:1a. ed.
Materias:
Etiquetas: Agregar Etiqueta
Sin Etiquetas, Sea el primero en etiquetar este registro!
LEADER 00696nam a22001695a 4500
001 DER.der015004
008 240701s2021####xx############000#0#und#d
005 20240703122212.0
245 1 0 |a Antecedentes y textos constitucionales de la Provincia de Buenos Aires 1820 - 1994 /  |c compilado por Claudio Panella, Fernando Barba, Marcelo Rimoldi ; prologo de Axel Kicillof. 
250 |a 1a. ed. 
260 |a La Plata :  |b Ediciones Bonaerenses,  |c 2021. 
300 |a 286 p. 
020 |a 9789874764737 
650 7 |a DERECHO CONSTITUCIONAL 
859 |a DERECHO  |b BIB. DERECHO  |h 342.00982  |i ANT  |p 0010443 
859 |a DERECHO  |b BIB. DERECHO  |h 342.00982  |i ANT  |p 0010447  |t 1 
859 |a DERECHO  |b BIB. DERECHO  |h 342.00982  |i ANT  |p 0010452  |t 2